00579nam a22001817a 4500003000900000008004100009020002200050040007100072082002300143100002600166245002600192260005300218300001100271440003800282505003900320650001900359700001900378AR-CdUCM190409b ||||| |||| 00| 0 spa d a978-607-16-3514-3 aMUNICIPALIDAD PROVINCIAL DEL CUSCOcBIBLIOTECA MUNICIPAL DEL CUSCO aPI / 808.06 /bM97 aMurguía, Verónica aLuciana la pejesapo / aMéxico :bFondo de cultura económica,c2016. c22 cm. a25 años a la orilla del viento. aContenido :Luciana la pejesapo ... aAnimales raros aGedovius, Juan